01811nam a2200361 a 4500001001200000003000800012006001900020007001500039008004100054010001700095020003900112020003600151020003800187020003500225040002100260035002100281043001200302050002900314082002400343100002500367245012300392260005100515300001500566504006400581505038800645533015201033650004101185650003401226655002901260710001701289856012601306999001701432ebr10268973CaPaEBRm u cr cn|||||||||080107s2008 nyu sb 001 0 eng  z 2007052101 z9780814794135 (cloth : alk. paper) z0814794130 (cloth : alk. paper) z9780814794142 (pbk. : alk. paper) z0814794149 (pbk. : alk. paper) aCaPaEBRcCaPaEBR a(OCoLC)646787378 an-us---14aBV4468.2.H57bW55 2008eb04a361.7/5089680732221 aWilson, Catherine E.14aThe politics of Latino faithh[electronic resource] :breligion, identity, and urban community /cCatherine E. Wilson. aNew York :bNew York University Press,cc2008. aix, 291 p. aIncludes bibliographical references (p. 229-276) and index.0 aThe development of a religious identity politics -- Latino faith-based organizations and the urban context -- The new liberationists -- Latino pastoral action center : a ministry of personal outreach -- Nueva esperanza : a ministry of institutional development -- The resurrection project : a ministry of community empowerment -- Speaking the language of religious identity politics. aElectronic reproduction.bPalo Alto, Calif. :cebrary,d2013.nAvailable via World Wide Web.nAccess may be limited to ebrary affiliated libraries. 0aChurch work with Hispanic Americans. 0aHispanic AmericansxReligion. 7aElectronic books.2local2 aebrary, Inc.40uhttp://site.ebrary.com/lib/rucke/Doc?id=10268973zAn electronic book accessible through the World Wide Web; click to view c23132d23132